[Event "Atina Open og KM 2025"]
[Site "Amager"]
[Date "2025.11.16"]
[Round "6.4"]
[White "Nielsen, Viktor Haarmark"]
[Black "Jaksland, Tim"]
[Result "1/2-1/2"]
[WhiteElo "2380"]
[BlackElo "2102"]
[WhiteFideId "1444492"]
[BlackFideId "1401084"]
[EventDate "2025.11.14"]
[EventType "swiss"]
[EventRounds "7"]
[EventCountry "DEN"]
[SourceTitle "Live v. Kasper Jerwiarz"]

1. d4 Nf6 2. Nf3 e6 3. c4 d5 4. g3 Nc6 5. Bg2 Bd6 6. O-O O-O 7. Bg5 dxc4 8. Nbd2 h6 9. Bxf6 Qxf6 10. Nxc4 e5 11. dxe5 Bxe5 12. Nfxe5 Nxe5 13. Na5 c6 14. Qc2 Rb8 15. h3 b6 16. Nxc6 Nxc6 17. Qxc6 Qxc6 18. Bxc6 Bxh3 19. Rfd1 Be6 20. b4 Rfd8 21. a3 Kf8 22. Rdc1 Ke7 23. f3 Rbc8 24. Kf2 Rc7 25. Bb5 1/2-1/2

[Event "Atina Open og KM 2025"]
[Site "Amager"]
[Date "2025.11.16"]
[Round "6.5"]
[White "Jarlskov, Daniel Tuk Hartso"]
[Black "Loftgaard, Mikkel Vinh"]
[Result "1/2-1/2"]
[WhiteElo "2183"]
[BlackElo "2342"]
[WhiteFideId "1463896"]
[BlackFideId "1468480"]
[EventDate "2025.11.14"]
[EventType "swiss"]
[EventRounds "7"]
[EventCountry "DEN"]
[SourceTitle "Live v. Kasper Jerwiarz"]

1. d4 g6 2. c4 Bg7 3. Nf3 d6 4. g3 Nf6 5. Bg2 O-O 6. O-O c6 7. Nc3 Nbd7 8. Rb1 a5 9. e3 Qc7 10. b3 e5 11. dxe5 Nxe5 12. Ba3 Nxf3+ 13. Bxf3 Rd8 14. Qe2 Nd7 15. Rbc1 Ne5 16. Rfd1 Nxf3+ 17. Qxf3 h5 18. Ne4 Be5 19. Rd2 Qe7 20. Bb2 Bxb2 21. Rxb2 Bf5 22. Nc3 Bg4 23. Qf4 g5 24. Qd4 Bf3 25. e4 Qe6 26. Qe3 Qf6 27. Rd2 h4 28. Rd3 g4 29. h3 hxg3 30. hxg4 gxf2+ 31. Qxf2 Qh6 32. Qxf3 Qxc1+ 33. Rd1 Qg5 34. Rf1 Rd7 35. e5 Qxe5 36. Ne4 Re7 37. Nf6+ Kg7 38. Nh5+ Kf8 39. Rf2 Qe1+ 40. Kh2 Qe5+ 41. Kg1 Qe1+ 42. Kh2 Qe5+ 43. Kg1 1/2-1/2

[Event "Atina Open og KM 2025"]
[Site "Amager"]
[Date "2025.11.16"]
[Round "6.6"]
[White "Rasmussen, Casper Dahl"]
[Black "Skovgaard, Andreas"]
[Result "1/2-1/2"]
[WhiteElo "2312"]
[BlackElo "2073"]
[WhiteFideId "1402005"]
[BlackFideId "1450760"]
[EventDate "2025.11.14"]
[EventType "swiss"]
[EventRounds "7"]
[EventCountry "DEN"]
[SourceTitle "Live v. Kasper Jerwiarz"]

1. c4 Nf6 2. Nc3 g6 3. g3 Bg7 4. Bg2 O-O 5. e4 d6 6. Nge2 c5 7. O-O Nc6 8. d3 Rb8 9. a4 Bd7 10. h3 a6 11. Be3 Ne8 12. d4 cxd4 13. Nxd4 Nc7 14. Kh2 Ne6 15. Nde2 Na5 16. b3 b5 17. cxb5 axb5 18. b4 Nc4 19. Ba7 bxa4 20. Bxb8 Qxb8 21. Nd5 Re8 22. Rc1 Bb5 23. Nec3 Nb2 24. Qd2 Bxf1 25. Bxf1 a3 26. Nb5 a2 27. Nbc3 Na4 28. Nxa2 Nd4 29. Qe3 e6 30. Nc7 Rc8 31. Qa3 Rxc7 32. Rxc7 Qxc7 33. Qxa4 Nf3+ 34. Kg2 Ne1+ 35. Kg1 Bd4 36. Qd1 Qa7 37. Qxe1 Qxa2 38. b5 Kg7 1/2-1/2

[Event "Atina Open og KM 2025"]
[Site "Amager"]
[Date "2025.11.16"]
[Round "6.7"]
[White "Hoi, Carsten"]
[Black "Olsen, Michael Richard W"]
[Result "0-1"]
[WhiteElo "2282"]
[BlackElo "2088"]
[WhiteFideId "1400100"]
[BlackFideId "1440969"]
[EventDate "2025.11.14"]
[EventType "swiss"]
[EventRounds "7"]
[EventCountry "DEN"]
[SourceTitle "Live v. Kasper Jerwiarz"]

1. d4 Nf6 2. c4 d6 3. Nf3 g6 4. Nc3 Bg7 5. e4 O-O 6. h3 Nbd7 7. Be3 e5 8. d5 Re8 9. g4 Nc5 10. Nd2 a5 11. Be2 c6 12. Qc2 cxd5 13. cxd5 Bd7 14. Nc4 Qc7 15. a4 Reb8 16. O-O Rf8 17. f3 Ne8 18. Nb5 Bxb5 19. axb5 Qd8 20. Kg2 a4 21. Rad1 Rc8 22. Bxc5 Rxc5 23. Qxa4 Bh6 24. Qb4 Bf4 25. b6 Ng7 26. b3 Nh5 27. Rh1 Ng3 28. Bd3 Nxh1 29. Rxh1 Qh4 30. Qe1 Qf6 31. Qa1 Rcc8 32. h4 Ra8 33. Qb2 Ra6 34. g5 Qe7 35. Rb1 Rfa8 36. Qf2 Ra2 37. Rb2 Rxb2 38. Qxb2 h6 39. b4 hxg5 40. h5 g4 41. fxg4 Qh4 42. Qf2 0-1

[Event "Atina Open og KM 2025"]
[Site "Amager"]
[Date "2025.11.16"]
[Round "6.8"]
[White "Lilja, Richard"]
[Black "Laursen, Niels Norskov"]
[Result "0-1"]
[WhiteElo "2126"]
[BlackElo "2193"]
[WhiteFideId "1403109"]
[BlackFideId "1404709"]
[EventDate "2025.11.14"]
[EventType "swiss"]
[EventRounds "7"]
[EventCountry "DEN"]
[SourceTitle "Live v. Kasper Jerwiarz"]

1. e4 d6 2. d4 Nf6 3. Nc3 g6 4. Bg5 Bg7 5. Qd2 h6 6. Be3 Ng4 7. O-O-O Nxe3 8. Qxe3 O-O 9. h4 Nd7 10. h5 g5 11. f4 gxf4 12. Qxf4 c5 13. dxc5 Nxc5 14. Bc4 Rb8 15. Nge2 b5 16. Bb3 Bd7 17. Rhf1 b4 18. Nd5 Ne6 19. Qh4 Ng5 20. Nd4 e6 21. Ne3 Qb6 22. Nc4 Qc5 23. Nf3 Bb5 24. e5 d5 25. Nxg5 dxc4 26. Bxc4 Bxc4 27. Rxf7 Rxf7 28. Nxf7 Rf8 29. Nd6 Bd5 30. Rd3 Rf1+ 31. Rd1 Qe3+ 0-1

[Event "Atina Open og KM 2025"]
[Site "Amager"]
[Date "2025.11.16"]
[Round "6.9"]
[White "Sandmann, Villads Majvang"]
[Black "Schmidt, Kristen"]
[Result "1-0"]
[WhiteElo "2051"]
[BlackElo "2186"]
[WhiteFideId "1472313"]
[BlackFideId "1400436"]
[EventDate "2025.11.14"]
[EventType "swiss"]
[EventRounds "7"]
[EventCountry "DEN"]
[SourceTitle "Live v. Kasper Jerwiarz"]

1. d4 Nf6 2. c4 g6 3. Nc3 Bg7 4. e4 d6 5. Nf3 O-O 6. Be2 e5 7. O-O Nc6 8. d5 Ne7 9. b4 c6 10. a4 cxd5 11. cxd5 h6 12. Nd2 Ne8 13. Nc4 f5 14. b5 Bd7 15. Ba3 Nc8 16. Rc1 Rf7 17. exf5 gxf5 18. Bh5 Rf8 19. f4 e4 20. Ne2 Nf6 21. Ng3 a6 22. Nxd6 Ne7 23. Nxb7 Qb6+ 24. Bc5 Qxb7 25. Bxe7 Rfc8 26. d6 axb5 27. Qb3+ Kh8 28. axb5 Nd5 29. Rxc8+ Rxc8 30. Bf7 Qb6+ 31. Kh1 Ne3 32. Re1 Ng4 33. h3 Rc3 34. Qa2 Nf2+ 35. Kh2 Nd3 36. Rf1 Qxb5 37. Be6 Bc6 38. Nxf5 Nc1 39. Qf2 e3 40. Qg3 Qxf5 41. Bxf5 e2 42. Rxc1 Rxc1 43. Qg6 Kg8 44. Qh7+ Kf7 45. Bg6+ Ke6 46. Qg8+ Kd7 47. Bf5# 1-0

[Event "Atina Open og KM 2025"]
[Site "Amager"]
[Date "2025.11.16"]
[Round "6.10"]
[White "Eriksson, Christian Altenburg"]
[Black "Veiergang, Oscar Jacob"]
[Result "1/2-1/2"]
[WhiteElo "2101"]
[BlackElo "2219"]
[WhiteFideId "1412159"]
[BlackFideId "1470183"]
[EventDate "2025.11.14"]
[EventType "swiss"]
[EventRounds "7"]
[EventCountry "DEN"]
[SourceTitle "Live v. Kasper Jerwiarz"]

1. e4 e5 2. Nf3 Nc6 3. Bb5 a6 4. Ba4 Nf6 5. d3 Bc5 6. c3 b5 7. Bb3 O-O 8. O-O d6 9. Bg5 h6 10. Bh4 g5 11. Bg3 Bg4 12. a4 Rb8 13. axb5 axb5 14. Re1 b4 15. Ba4 Ra8 16. Nbd2 bxc3 17. bxc3 Ne7 18. Nb3 Bb6 19. d4 exd4 20. Nbxd4 Bd7 21. Bxd7 Rxa1 22. Qxa1 Qxd7 23. e5 dxe5 24. Nxe5 Qd5 25. h4 Bxd4 26. cxd4 Nf5 27. hxg5 hxg5 28. Nf3 g4 29. Re5 Qd7 30. Qc1 Nh7 31. Qf4 Nxg3 32. Qxg3 Ra8 33. Re1 Nf8 34. Ne5 Qxd4 35. Nxg4 Ng6 36. Nh6+ Kh7 37. Nxf7 Ra1 38. Ng5+ Kh6 39. Nf3 Rxe1+ 40. Nxe1 c5 41. Qd3 Qxd3 42. Nxd3 c4 43. Nb4 Kg5 44. Kf1 Kf5 45. Ke2 Ke4 46. Kd2 Nh4 47. g3 Nf5 48. g4 Nh4 49. Nc2 Kf3 50. Ne3 Kxf2 51. g5 Kf3 52. Nxc4 Kf4 53. g6 Nxg6 1/2-1/2

[Event "Atina Open og KM 2025"]
[Site "Amager"]
[Date "2025.11.16"]
[Round "6.11"]
[White "Iskos, Lukas"]
[Black "Moe, Anton Helsted"]
[Result "1/2-1/2"]
[WhiteElo "2136"]
[BlackElo "1978"]
[WhiteFideId "1461613"]
[BlackFideId "1475738"]
[EventDate "2025.11.14"]
[EventType "swiss"]
[EventRounds "7"]
[EventCountry "DEN"]
[SourceTitle "Live v. Kasper Jerwiarz"]

1. d4 Nf6 2. Nf3 g6 3. g3 Bg7 4. Bg2 O-O 5. O-O d5 6. c3 b6 7. a4 a5 8. Bg5 Ne4 9. Bf4 h6 10. Nfd2 Nxd2 11. Qxd2 Kh7 12. e4 c6 13. exd5 cxd5 14. c4 e6 15. cxd5 exd5 16. Nc3 Ba6 17. Rfe1 Nc6 18. Bxd5 Nxd4 19. Rad1 Qxd5 20. Nxd5 Nf3+ 21. Kg2 Nxd2 22. Rxd2 Rfe8 23. Rc1 Rac8 24. Rxc8 Bxc8 25. Nxb6 Be6 26. h4 Re7 27. Be3 Rc7 28. Bd4 Bxd4 29. Rxd4 Rc2 30. b4 axb4 31. Rxb4 Ra2 32. Kf3 h5 33. Ke3 Kg7 34. Rf4 f6 35. Re4 Kf7 36. Rb4 g5 37. Rb5 gxh4 38. gxh4 Bg4 39. a5 Re2+ 40. Kd4 Rxf2 41. Nc4 Ra2 42. Kc5 Be2 43. Kb4 Kg6 44. Rc5 Ra1 45. Kb5 f5 46. Kb6 f4 47. a6 f3 48. a7 Bxc4 49. Rxc4 f2 50. Rf4 Rb1+ 1/2-1/2

[Event "Atina Open og KM 2025"]
[Site "Amager"]
[Date "2025.11.16"]
[Round "6.12"]
[White "Gregor, Bjarke"]
[Black "Christensen, Janus"]
[Result "0-1"]
[WhiteElo "2060"]
[BlackElo "2153"]
[WhiteFideId "1423401"]
[BlackFideId "1408402"]
[EventDate "2025.11.14"]
[EventType "swiss"]
[EventRounds "7"]
[EventCountry "DEN"]
[SourceTitle "Live v. Kasper Jerwiarz"]

1. e4 e5 2. Nf3 Nc6 3. Bb5 Nf6 4. d3 Bc5 5. c3 d6 6. O-O O-O 7. Bg5 Bg4 8. h3 Bh5 9. Nbd2 h6 10. Bh4 g5 11. Bg3 Bg6 12. Kh1 Nh5 13. Bxc6 bxc6 14. d4 exd4 15. Nxd4 Bxd4 16. cxd4 Rb8 17. b3 Re8 18. Qf3 Nxg3+ 19. fxg3 d5 20. e5 c5 21. Qc3 cxd4 22. Qxd4 a5 23. Rae1 Re6 24. Qc5 c6 25. Nf3 Rb5 26. Qc3 c5 27. a4 d4 28. Qc4 Rb4 29. Qxc5 d3 30. Nd2 Rd4 31. Qc3 Qd5 32. Nf3 Rb4 33. Qc8+ Kg7 34. Nd2 Rxe5 35. Qc3 f6 36. Nc4 Re6 37. Nxa5 Rbe4 38. Rxe4 Qxe4 39. Qc7+ Bf7 40. Qc1 Qe2 41. Nc4 Rc6 42. Qa1 Bd5 43. Rg1 Re6 44. Qd4 Bc6 45. Nd6 d2 46. Qa7+ Kh8 47. Nf7+ Kg8 48. Nxh6+ Kh8 49. Nf7+ Kg7 50. Ne5+ Kh6 51. Nf7+ Kh5 52. g4+ Kh4 53. Nh6 Bxg2+ 54. Rxg2 d1=Q+ 55. Qg1 Qxg2+ 56. Kxg2 Re2+ 57. Kh1 Qd5+ 0-1

[Event "Atina Open og KM 2025"]
[Site "Amager"]
[Date "2025.11.16"]
[Round "7.1"]
[White "Medhus, Vitus Bondo"]
[Black "Lauridsen, Jesper Morch"]
[Result "1-0"]
[WhiteElo "2354"]
[BlackElo "2241"]
[WhiteFideId "1462547"]
[BlackFideId "1401890"]
[EventDate "2025.11.14"]
[EventType "swiss"]
[EventRounds "7"]
[EventCountry "DEN"]
[SourceTitle "Live v. Kasper Jerwiarz"]

1. e4 d6 2. d4 Nf6 3. Nc3 g6 4. Bg5 Bg7 5. e5 Nfd7 6. f4 O-O 7. Nf3 Nb6 8. Bd3 f6 9. exf6 exf6 10. Bh4 Re8+ 11. Kf2 Nc6 12. Be2 Ne7 13. Re1 Nf5 14. Bd3 Rxe1 15. Qxe1 Nxh4 16. Nxh4 f5 17. Nf3 Bd7 18. Ne2 c5 19. c3 Bc6 20. Rd1 Bxf3 21. Kxf3 Qe7 22. dxc5 Re8 23. Qd2 dxc5 24. Bb5 Rf8 25. a4 Nxa4 26. Qd5+ Kh8 27. Bxa4 Qh4 28. h3 g5 29. Bd7 g4+ 30. hxg4 fxg4+ 31. Bxg4 Qf6 32. Qe6 Qh4 33. Ng3 Rf6 34. Rd8+ Bf8 35. Nh5 Rxf4+ 36. Kxf4 Qxd8 37. Qe5+ 1-0

[Event "Atina Open og KM 2025"]
[Site "Amager"]
[Date "2025.11.16"]
[Round "7.2"]
[White "Zander, Emil"]
[Black "Wahlgreen, Noah Krug"]
[Result "0-1"]
[WhiteElo "2193"]
[BlackElo "2102"]
[WhiteFideId "1467123"]
[BlackFideId "1457349"]
[EventDate "2025.11.14"]
[EventType "swiss"]
[EventRounds "7"]
[EventCountry "DEN"]
[SourceTitle "Live v. Kasper Jerwiarz"]

1. e4 c6 2. d4 d5 3. e5 c5 4. c3 Nc6 5. Be2 cxd4 6. cxd4 Bf5 7. Nf3 e6 8. O-O h6 9. Nc3 Nge7 10. a3 Bh7 11. b4 Nf5 12. Na4 a5 13. b5 Nb8 14. g4 Ne7 15. Nc5 Ra7 16. Be3 Ng6 17. a4 Be7 18. Nd2 h5 19. h3 hxg4 20. hxg4 Bxc5 21. dxc5 Qh4 22. Kg2 d4 23. Rh1 Qd8 24. Nc4 dxe3 25. Nd6+ Ke7 26. Qd4 Kf8 27. c6 b6 28. Rac1 Nd7 29. cxd7 Rxd7 30. Qxe3 Ne7 31. Qf3 Nd5 32. Rc8 Rxd6 33. Rxd8+ Rxd8 34. Rc1 g5 35. Kg1 Kg7 36. Bd3 Bxd3 37. Qxd3 Nf4 38. Qe3 Rh3 39. Qe1 Rdh8 40. Qe4 R8h4 41. Rc7 Rxg4+ 42. Kf1 Rgh4 43. Kg1 Nd5 44. Qc2 Rh1+ 45. Kg2 g4 46. Rc4 R1h2+ 47. Kg3 Ne3 48. fxe3 R4h3+ 49. Kxg4 Rh4+ 50. Kg5 Rxc2 51. Rxh4 Rc5 52. Re4 Kf8 53. Kf6 Rc1 54. Rd4 Rf1+ 55. Rf4 Rg1 0-1

[Event "Atina Open og KM 2025"]
[Site "Amager"]
[Date "2025.11.16"]
[Round "7.3"]
[White "Olsen, Michael Richard W"]
[Black "Nielsen, Lars Aaes"]
[Result "0-1"]
[WhiteElo "2088"]
[BlackElo "2149"]
[WhiteFideId "1440969"]
[BlackFideId "1401726"]
[EventDate "2025.11.14"]
[EventType "swiss"]
[EventRounds "7"]
[EventCountry "DEN"]
[SourceTitle "Live v. Kasper Jerwiarz"]

1. e4 e6 2. d3 d5 3. Be2 c5 4. Nf3 Nc6 5. Nc3 d4 6. Nb1 Bd6 7. Nbd2 Bc7 8. c3 Nge7 9. Nb3 b6 10. cxd4 cxd4 11. Bg5 f6 12. Bd2 O-O 13. Rc1 e5 14. Na1 Be6 15. Qa4 Qd7 16. Bd1 Bd6 17. Bb3 Rfc8 18. O-O Kh8 19. Bxe6 Qxe6 20. Rc2 a6 21. Rfc1 Qd7 22. Qb3 Rab8 23. a3 g6 24. Qf7 Rf8 25. Qa2 Kg7 26. b4 Rfc8 27. Qb3 a5 28. bxa5 Nxa5 29. Qb2 Rxc2 30. Rxc2 Qa4 31. Bb4 Bxb4 32. Qxb4 Qxb4 33. axb4 Nac6 34. Rb2 Rc8 35. Ne1 Na7 36. Rc2 Nec6 37. Rb2 Nb5 38. Nac2 Ra8 39. g3 Ra4 40. Kg2 Nc3 41. Kf1 b5 42. Kg2 g5 43. Kf3 Kg6 44. Rb3 h5 45. h3 Kf7 46. Ne3 Rxb4 47. Ra3 Ra4 48. Rxa4 bxa4 49. Nc4 Nb4 50. Na3 Ke6 51. Nac2 Nxc2 52. Nxc2 Kd6 53. Kg2 Ne2 54. h4 gxh4 55. gxh4 Nf4+ 0-1

[Event "Atina Open og KM 2025"]
[Site "Amager"]
[Date "2025.11.16"]
[Round "7.4"]
[White "Jaksland, Tim"]
[Black "Brorsen, Jacob Abildlund"]
[Result "1/2-1/2"]
[WhiteElo "2102"]
[BlackElo "2127"]
[WhiteFideId "1401084"]
[BlackFideId "1411233"]
[EventDate "2025.11.14"]
[EventType "swiss"]
[EventRounds "7"]
[EventCountry "DEN"]
[SourceTitle "Live v. Kasper Jerwiarz"]

1. e4 e5 2. Nf3 Nc6 3. Nc3 Nf6 4. d4 exd4 5. Nxd4 Bb4 6. Nxc6 bxc6 7. Bd3 d5 8. exd5 O-O 9. O-O cxd5 10. h3 h6 11. Qf3 Bb7 12. Bf4 c5 13. Rfd1 Qb6 14. Na4 d4 15. Nxb6 Bxf3 16. Nxa8 Bxd1 17. Rxd1 Rxa8 18. Bc4 Rc8 19. Rd3 Re8 20. Rd1 Ba5 21. Kf1 g5 22. Bd2 Bxd2 23. Rxd2 Ne4 24. Re2 Kf8 25. Ke1 f5 26. Bd3 Nd6 27. Rxe8+ Kxe8 28. g4 Ke7 29. gxf5 Kf6 30. Kd2 h5 31. Be2 h4 32. Bf3 Kxf5 33. Kd3 Ke5 34. b3 Kf4 35. Bc6 Nf7 36. Ke2 Ne5 37. Bg2 g4 38. hxg4 Kxg4 39. a3 a5 40. Bb7 Kf4 41. Bg2 Kg4 42. Bb7 Kf5 43. Bc8+ Kf4 44. Bh3 Nf3 45. Kd3 Ne5+ 46. Ke2 c4 47. bxc4 Nxc4 48. Kd3 Nxa3 49. Kxd4 Nxc2+ 50. Kc3 Nb4 51. Kb3 Nc6 52. Ka4 Kf3 53. Bd7 Nd4 54. Kxa5 Kxf2 55. Kb4 Kg3 56. Kc3 Nf3 57. Bc8 Ne5 58. Kd2 Ng4 59. Ke2 h3 60. Bxg4 Kxg4 61. Kf2 h2 62. Kg2 Kf4 63. Kxh2 Ke5 1/2-1/2

[Event "Atina Open og KM 2025"]
[Site "Amager"]
[Date "2025.11.16"]
[Round "7.5"]
[White "Christensen, Janus"]
[Black "Nielsen, Viktor Haarmark"]
[Result "1-0"]
[WhiteElo "2153"]
[BlackElo "2380"]
[WhiteFideId "1408402"]
[BlackFideId "1444492"]
[EventDate "2025.11.14"]
[EventType "swiss"]
[EventRounds "7"]
[EventCountry "DEN"]
[SourceTitle "Live v. Kasper Jerwiarz"]

1. e4 c5 2. Nf3 g6 3. c3 d5 4. e5 a6 5. d4 cxd4 6. cxd4 Nc6 7. Nc3 Bg4 8. Be2 e6 9. Be3 Nge7 10. Qd2 Nf5 11. O-O Nxe3 12. fxe3 Bh6 13. b4 O-O 14. Na4 Ne7 15. Rae1 Nf5 16. Bd1 a5 17. b5 Rc8 18. Bb3 Bh5 19. Qd3 g5 20. Nc5 g4 21. Nd2 b6 22. Nb7 Qh4 23. Bxd5 Nxe3 24. Rxe3 exd5 25. Nd6 Bg6 26. Nf5 Bxf5 27. Rxf5 Rc1+ 28. Nf1 Re1 29. Rg3 Rc8 30. h3 Re4 31. hxg4 Bf4 32. Rf3 Qxg4 33. R5xf4 Rxf4 34. Rg3 Rc4 35. Rxg4+ Rxg4 36. Ne3 Rcxd4 37. Qf5 1-0

[Event "Atina Open og KM 2025"]
[Site "Amager"]
[Date "2025.11.16"]
[Round "7.7"]
[White "Laursen, Niels Norskov"]
[Black "Thorsbro, Peter"]
[Result "1-0"]
[WhiteElo "2193"]
[BlackElo "2144"]
[WhiteFideId "1404709"]
[BlackFideId "1406671"]
[EventDate "2025.11.14"]
[EventType "swiss"]
[EventRounds "7"]
[EventCountry "DEN"]
[SourceTitle "Live v. Kasper Jerwiarz"]

1. Nf3 d5 2. g3 e6 3. Bg2 Nf6 4. O-O Be7 5. d3 O-O 6. Nbd2 c5 7. e4 Nc6 8. Re1 b5 9. e5 Nd7 10. h4 Qc7 11. Qe2 Rb8 12. Nf1 a5 13. Bf4 Ba6 14. Ne3 Rfc8 15. Nxd5 exd5 16. e6 Bd6 17. exd7 Qxd7 18. Bh3 Qxh3 19. Bxd6 Ra8 20. Bxc5 Qd7 21. Bd4 Re8 22. Qd2 f6 23. Rxe8+ Rxe8 24. Re1 Rxe1+ 25. Qxe1 Kf7 26. Qc3 Qd6 27. Qc5 Qxc5 28. Bxc5 Bc8 29. a3 Bg4 30. Ne1 Bh5 31. f3 f5 32. Kf2 h6 33. Ng2 Kf6 34. Nf4 Bf7 35. Ne2 g5 36. hxg5+ hxg5 37. b3 b4 38. axb4 Nxb4 39. Bxb4 axb4 40. Ke3 Ke5 41. d4+ Kd6 42. f4 gxf4+ 43. Nxf4 Kc6 44. Nd3 Kb5 45. Kf4 1-0

[Event "Atina Open og KM 2025"]
[Site "Amager"]
[Date "2025.11.16"]
[Round "7.8"]
[White "Skovgaard, Andreas"]
[Black "Jarlskov, Daniel Tuk Hartso"]
[Result "1-0"]
[WhiteElo "2073"]
[BlackElo "2183"]
[WhiteFideId "1450760"]
[BlackFideId "1463896"]
[EventDate "2025.11.14"]
[EventType "swiss"]
[EventRounds "7"]
[EventCountry "DEN"]
[SourceTitle "Live v. Kasper Jerwiarz"]

1. d4 d5 2. c4 e6 3. Nc3 c5 4. e3 Nc6 5. Nf3 Nf6 6. a3 cxd4 7. exd4 Be7 8. Be2 O-O 9. O-O a6 10. Bg5 dxc4 11. Bxc4 b5 12. Bb3 b4 13. axb4 Nxb4 14. Qe2 Bb7 15. Rad1 Nfd5 16. Bd2 a5 17. Bc4 Qc7 18. Ne5 Rfd8 19. Rfe1 Bf8 20. Rc1 Qe7 21. Qg4 Rac8 22. Ne4 f5 23. Qh3 fxe4 24. Bg5 Qe8 25. Bb5 Nf4 26. Bxf4 Qe7 27. Bg5 Qd6 28. Bxd8 Rxd8 29. Rc7 Bd5 30. Rec1 Nd3 31. Nxd3 exd3 32. Bxd3 h6 33. Qh5 Rd7 34. Rxd7 Qxd7 35. Qg6 a4 36. h3 a3 37. Qh7+ Kf7 38. bxa3 Bxa3 39. Rb1 Bd6 40. Be4 Bc7 41. Qg6+ Kf8 42. Re1 Bb3 43. Re3 Bd1 44. Ra3 Qxd4 45. Ra8+ Ke7 46. Re8+ Kd6 47. Qxe6+ Kc5 48. Qc6+ Kb4 49. Qxc7 Ba4 50. Rb8+ Ka3 51. Qc1+ Ka2 52. Bd5+ 1-0

[Event "Atina Open og KM 2025"]
[Site "Amager"]
[Date "2025.11.16"]
[Round "7.9"]
[White "Jalving, August"]
[Black "Sandmann, Villads Majvang"]
[Result "1-0"]
[WhiteElo "2276"]
[BlackElo "2051"]
[WhiteFideId "1471759"]
[BlackFideId "1472313"]
[EventDate "2025.11.14"]
[EventType "swiss"]
[EventRounds "7"]
[EventCountry "DEN"]
[SourceTitle "Live v. Kasper Jerwiarz"]

1. e4 c5 2. Nf3 d6 3. d4 cxd4 4. Nxd4 Nf6 5. Nc3 a6 6. a4 e5 7. Nf3 Be7 8. Bg5 Be6 9. Bxf6 Bxf6 10. Nd5 Nd7 11. Bc4 O-O 12. O-O Rc8 13. b3 Nc5 14. Qe2 b5 15. axb5 axb5 16. Nxf6+ Qxf6 17. Bxb5 Bg4 18. h3 Bxf3 19. Qxf3 Qxf3 20. gxf3 Ne6 21. Bc4 Nd4 22. Rad1 Nxf3+ 23. Kg2 Nd4 24. c3 Nc2 25. Rd3 Na3 26. Bd5 Nb5 27. c4 Nc7 28. Bc6 Rb8 29. Rb1 Rb6 30. Rxd6 Na6 31. Rbd1 Nc5 32. Bb5 Rxd6 33. Rxd6 Nxb3 34. Rd5 f6 35. c5 Nd4 36. Bd7 Ra8 37. f4 Ra2+ 38. Kf1 Ra1+ 39. Kf2 Ra2+ 40. Ke3 Nc2+ 41. Kd2 Nd4+ 42. Kd3 Ra1 43. fxe5 fxe5 44. Rxe5 Rd1+ 45. Kc4 Nf3 46. Rd5 Rc1+ 47. Kb5 Rb1+ 48. Ka6 Kf7 49. c6 Ra1+ 50. Kb5 Rb1+ 51. Ka4 Rc1 52. Rf5+ 1-0

[Event "Atina Open og KM 2025"]
[Site "Amager"]
[Date "2025.11.16"]
[Round "7.10"]
[White "Moe, Anton Helsted"]
[Black "Falkesgaard, Jeppe Hald"]
[Result "0-1"]
[WhiteElo "1978"]
[BlackElo "2252"]
[WhiteFideId "1475738"]
[BlackFideId "1464981"]
[EventDate "2025.11.14"]
[EventType "swiss"]
[EventRounds "7"]
[EventCountry "DEN"]
[SourceTitle "Live v. Kasper Jerwiarz"]

1. e4 c5 2. Nf3 Nc6 3. d4 cxd4 4. Nxd4 e5 5. Nb5 d6 6. c4 Be6 7. N1c3 a6 8. Na3 g6 9. Be3 Bg7 10. Nc2 Nf6 11. Be2 O-O 12. O-O Rc8 13. f3 Nh5 14. Nd5 Nf4 15. Nxf4 exf4 16. Bxf4 Bxb2 17. Bxd6 Bxa1 18. Bxf8 Bd4+ 19. Nxd4 Qxd4+ 20. Qxd4 Nxd4 21. Bh6 Nxe2+ 22. Kf2 Nd4 23. Rb1 Bxc4 24. Rxb7 Bxa2 25. Rd7 Ne6 26. Ra7 Bc4 27. h4 Nd8 28. h5 Nc6 29. Rb7 a5 30. hxg6 hxg6 31. Rb1 a4 32. Bd2 Kf8 33. Bc1 Bb3 34. Ba3+ Ke8 35. Rc1 Kd7 36. Rc3 Ne5 37. Bc5 Rxc5 0-1

[Event "Atina Open og KM 2025"]
[Site "Amager"]
[Date "2025.11.16"]
[Round "7.11"]
[White "Slater Jones, Henry"]
[Black "Hoi, Carsten"]
[Result "0-1"]
[WhiteElo "1978"]
[BlackElo "2282"]
[WhiteFideId "3222101"]
[BlackFideId "1400100"]
[EventDate "2025.11.14"]
[EventType "swiss"]
[EventRounds "7"]
[EventCountry "DEN"]
[SourceTitle "Live v. Kasper Jerwiarz"]

1. d4 g6 2. c4 Bg7 3. g3 d6 4. Bg2 Nf6 5. Nc3 O-O 6. Nf3 Bg4 7. h3 Bxf3 8. Bxf3 Nc6 9. e3 Nd7 10. Bg2 e5 11. d5 Ne7 12. O-O f5 13. Rb1 a5 14. b3 Kh8 15. a3 b6 16. b4 axb4 17. axb4 Ng8 18. Bd2 Ngf6 19. Nb5 g5 20. Ra1 Rxa1 21. Qxa1 f4 22. Qa7 Ne8 23. Bf3 Ndf6 24. Nc3 Qd7 25. exf4 gxf4 26. Kg2 Qf5 27. Be2 h5 28. Qa2 Ne4 29. Bf3 Ng5 30. g4 Qd3 0-1